[Event "51st World Juniors"]
[Site "Athens GRE"]
[Date "2012.08.08"]
[Round "7.36"]
[White "Baghdasaryan, Vahe"]
[Black "Naoum, Spyridon"]
[Result "1-0"]
[WhiteTitle "IM"]
[WhiteElo "2368"]
[BlackElo "2146"]
[WhiteFideId "13303139"]
[BlackFideId "4227506"]
[EventDate "2012.08.02"]

1. e4 c5 2. Ne2 e6 3. d4 cxd4 4. Nxd4 a6 5. Nc3 Qc7 6. Be2 Nf6 7. O-O d6 8. Be3
b5 9. f3 Bb7 10. Qd2 Nbd7 11. a4 b4 12. Na2 d5 13. c3 b3 14. Nxb3 dxe4 15. Rad1
Be7 16. fxe4 Nxe4 17. Qxd7+ Qxd7 18. Rxd7 Kxd7 19. Rxf7 Raf8 20. Rxg7 Rhg8 21.
Rxg8 Rxg8 22. Na5 Ba8 23. Bxa6 Nd6 24. Bf1 Bd5 25. c4 Bd8 26. cxd5 Bxa5 27. b4
Bd8 28. dxe6+ Kxe6 29. a5 Bg5 30. Bf2 Bd2 31. a6 Kd5 32. a7 Nf5 33. Ba6 Ne3 34.
Bb7+ Kc4 35. a8=Q Rxa8 36. Bxa8 Kb3 37. b5 Kxa2 38. b6 Nc4 39. Bd5 Kb3 40. b7
Bf4 41. Bg3 1-0

[Event "51st World Juniors"]
[Site "Athens GRE"]
[Date "2012.08.08"]
[Round "7.37"]
[White "Grandadam, Nicolas"]
[Black "Kourkoulos-Arditis, Stamatis"]
[Result "0-1"]
[WhiteTitle "FM"]
[WhiteElo "2333"]
[BlackElo "2109"]
[WhiteFideId "681806"]
[BlackFideId "4221990"]
[EventDate "2012.08.02"]

1. Nf3 Nf6 2. c4 e6 3. d4 b6 4. g3 Ba6 5. Qc2 Bb7 6. Bg2 Bb4+ 7. Nc3 O-O 8. O-O
d6 9. Rd1 Nbd7 10. Bd2 Qe7 11. d5 Bxc3 12. Bxc3 e5 13. e4 a5 14. b3 Nc5 15. Nd2
Bc8 16. a3 Nh5 17. b4 Nb7 18. Rf1 f5 19. exf5 Bxf5 20. Ne4 Qf7 21. Qe2 Qg6 22.
Rae1 axb4 23. axb4 Ra3 24. Ra1 Nf4 25. gxf4 Bxe4 26. Qxe4 Qxe4 27. Bxe4 Rxc3 28.
fxe5 Rxc4 29. f3 dxe5 30. d6 c6 31. Rfd1 Rd8 32. b5 Nc5 33. bxc6 Nxe4 34. c7
Rxd6 35. Rdc1 Nc3 36. Ra8+ Kf7 37. c8=Q Rxc8 38. Rxc8 Ne2+ 39. Kf2 Nxc1 40. Rxc1
Kf6 41. Ke3 b5 42. Rb1 Rb6 43. Rb4 Ke6 44. Ke4 g5 45. Ke3 Kd5 46. Kd3 h6 47. h3
Kc5 48. Re4 Kd6 49. Rb4 Kd5 50. Kd2 Kc5 51. Re4 b4 52. Rxe5+ Kd6 53. Rf5 Ke6 54.
Ra5 b3 55. Kc1 b2+ 56. Kb1 Kf6 57. h4 gxh4 58. Rh5 Rb4 59. Rxh6+ Kg5 60. Rh8 Rb6
61. f4+ Kg4 62. f5 h3 63. Rh7 Rf6 64. Kxb2 Rxf5 65. Kc3 Rh5 66. Rg7+ Kf5 67.
Rf7+ Kg6 68. Rf1 h2 69. Rh1 Kg5 70. Kd2 Kg4 71. Ke2 Kg3 72. Kf1 Rf5+ 0-1

[Event "51st World Juniors"]
[Site "Athens GRE"]
[Date "2012.08.08"]
[Round "7.38"]
[White "Codenotti, Marco"]
[Black "Poulopoulos, Ioannis"]
[Result "1-0"]
[WhiteTitle "FM"]
[WhiteElo "2314"]
[BlackElo "2007"]
[WhiteFideId "800015"]
[BlackFideId "4218078"]
[EventDate "2012.08.02"]

1. d4 Nf6 2. c4 g6 3. g3 Bg7 4. Bg2 d5 5. cxd5 Nxd5 6. e4 Nb6 7. Ne2 O-O 8. O-O
e5 9. dxe5 Bxe5 10. Nbc3 Nc6 11. Bh6 Bg7 12. Bxg7 Kxg7 13. Qc2 Bg4 14. Rad1 Qe7
15. Rfe1 Qc5 16. h3 Bxe2 17. Qxe2 Rfe8 18. Rc1 Qa5 19. f4 Rad8 20. e5 Rd4 21. a3
Nc4 22. Kh2 Red8 23. b4 Qb6 24. e6 fxe6 25. Na4 Qb5 26. Nc5 Re8 27. Nxe6+ Rxe6
28. Qxe6 Qf5 29. Qxf5 gxf5 30. Red1 Rxd1 31. Rxd1 Kf6 32. Bxc6 bxc6 33. Rd7 1-0

[Event "51st World Juniors"]
[Site "Athens GRE"]
[Date "2012.08.08"]
[Round "7.39"]
[White "Nadirashvili, Shalva"]
[Black "Dounis, Alexandros"]
[Result "1/2-1/2"]
[WhiteElo "2151"]
[BlackElo "2298"]
[WhiteFideId "13601512"]
[BlackFideId "4213238"]
[EventDate "2012.08.02"]

1. d4 Nf6 2. c4 g6 3. Nc3 d5 4. Bf4 Bg7 5. e3 O-O 6. Nf3 c5 7. dxc5 Qa5 8. Rc1
Nbd7 9. cxd5 Ne4 10. Nd2 Nxc3 11. bxc3 Nxc5 12. Qc2 Na4 13. c4 Nc3 14. Nb3 Qb4
15. Qd2 Nxa2 16. Qxb4 Nxb4 17. e4 Na2 18. Rc2 Nb4 19. Rc1 a5 20. Bd2 Na2 21. Rc2
Nb4 22. Rc1 a4 23. Bxb4 axb3 24. Rb1 f5 25. e5 Bxe5 26. Bd3 Ra4 27. Bd2 b2 28.
Kd1 Bd7 29. Kc2 Ra3 30. Bg5 Kf7 31. h4 h5 32. Rh3 Bd4 33. Be3 Bf6 34. Bg5 Bd4
35. Be3 Be5 36. Bc5 Ra1 37. Rhh1 Rc8 38. Bb4 b5 39. c5 e6 40. Rhe1 Bd4 41. c6
Bxc6 42. dxc6 Rxc6+ 43. Kb3 Rc1 44. Bd2 Bxf2 45. Rexc1 bxc1=Q 46. Rxc1 Rxc1 47.
Bxc1 Bxh4 48. Bxb5 Kf6 49. Kc4 e5 50. Bb2 Bg3 51. Kd3 g5 52. Ke2 g4 53. Ke3 Bf4+
54. Kf2 Bd2 55. Bc4 Bb4 56. g3 Bd6 57. Bb5 Kg5 58. Be8 h4 59. Bc1+ f4 60. gxf4+
exf4 61. Bd7 h3 62. Kg1 Bc5+ 63. Kh2 Bd4 64. Bxf4+ Kxf4 65. Bxg4 Kxg4 66. Kh1 1/2-1/2

[Event "51st World Juniors"]
[Site "Athens GRE"]
[Date "2012.08.08"]
[Round "7.40"]
[White "Sreeves, Clement"]
[Black "Krysa, Leandro"]
[Result "1/2-1/2"]
[BlackTitle "IM"]
[WhiteElo "2191"]
[BlackElo "2438"]
[WhiteFideId "2402564"]
[BlackFideId "116807"]
[EventDate "2012.08.02"]

1. e4 c5 2. Nf3 e6 3. d4 cxd4 4. Nxd4 Nc6 5. Nc3 Qc7 6. Be3 a6 7. Qd2 Nf6 8.
O-O-O Bb4 9. f3 Ne5 10. Nb3 b5 11. Qe1 Be7 12. f4 Ng6 13. e5 Ng4 14. Ne4 Nxe3
15. Qxe3 O-O 16. Nd6 Qa7 17. Qg3 f6 18. Bd3 fxe5 19. fxe5 Bb7 20. Bxg6 hxg6 21.
Nxb7 Qxb7 22. Qxg6 Rf2 23. Rd2 Rf5 24. Kb1 Raf8 25. Rhd1 Rg5 26. Qd3 Rxe5 27.
Qxd7 Qxd7 28. Rxd7 Bf6 29. Nd4 Re4 30. Nf3 Rc8 31. Re1 Rec4 32. Re2 e5 33. c3 b4
34. Nd2 R4c6 35. Ne4 bxc3 36. Nxc3 e4 37. Rxe4 Bxc3 38. bxc3 Rxc3 39. Re2 a5 40.
Kb2 R3c4 41. Rb7 R8c5 42. g3 Kh7 43. a3 Kg8 44. Rbe7 Rb5+ 45. Ka2 Rbc5 46. R7e5
Rxe5 47. Rxe5 Rc2+ 48. Kb3 Rxh2 49. Rxa5 Rg2 50. Rg5 Kh7 51. a4 Kh6 52. Rg4 g5
53. a5 Kh5 54. a6 Kxg4 55. a7 Kxg3 56. a8=Q Rf2 57. Qb8+ Kh3 58. Qh8+ Kg4 59.
Kc3 Rf4 60. Qh6 Kf5 61. Qh5 Kf6 62. Kd3 Rh4 63. Qf3+ Rf4 64. Qg3 Kf5 65. Qh3+
Kf6 66. Ke3 Kg6 67. Qh8 Kf5 68. Qh7+ Kf6 69. Qh6+ Kf5 70. Qc6 Kg4 71. Qg6 Kh4
72. Qh6+ Kg4 73. Qh7 Rf1 74. Ke4 Re1+ 75. Kd5 Rf1 76. Ke5 Rf4 77. Qh1 Rf1 78.
Ke6 Rf4 79. Qh2 Rf8 80. Qh6 Rf2 81. Ke7 Rf4 82. Qh2 Rf5 83. Qe2+ Kh4 84. Ke6 Rf8
85. Qh2+ Kg4 86. Ke5 Rf5+ 87. Ke4 Rf4+ 88. Ke3 Rf3+ 89. Ke2 Rf6 90. Qh8 Rf4 91.
Qh6 Kf5 92. Qc6 Kg4 93. Qg6 Kh4 94. Qh6+ Kg4 95. Qh7 Rf6 96. Qd7+ Kh4 97. Qe7
Rf4 98. Qe8 Kg4 99. Qg6 Kh4 100. Ke3 Kg4 1/2-1/2

[Event "51st World Juniors"]
[Site "Athens GRE"]
[Date "2012.08.08"]
[Round "7.41"]
[White "Michelakos, Panagiotis"]
[Black "Gemy, Jose Daniel"]
[Result "0-1"]
[BlackTitle "FM"]
[WhiteElo "2185"]
[BlackElo "2345"]
[WhiteFideId "4216067"]
[BlackFideId "3301478"]
[EventDate "2012.08.02"]

1. e4 e6 2. d4 d5 3. Nd2 c5 4. exd5 Qxd5 5. Ngf3 cxd4 6. Bc4 Qd7 7. O-O a6 8. a4
Nf6 9. Ne5 Qc7 10. Ndf3 Bd6 11. Qxd4 Nc6 12. Nxc6 bxc6 13. Rd1 Ke7 14. b3 c5 15.
Qe3 Bb7 16. h3 Rhd8 17. Bb2 Kf8 18. Re1 Bf4 19. Qc3 Bh6 20. Re5 Ne4 21. Qe1 Qc6
22. Qf1 Bf4 23. Rh5 h6 24. Rh4 Bg5 25. Rg4 f5 26. Nxg5 hxg5 27. Rxe4 Qxe4 28.
Re1 Qxc2 29. Ba3 Bd5 30. Bxc5+ Kf7 31. Bb6 Rd6 32. a5 Bxc4 33. bxc4 Qd3 34. c5
Qxf1+ 35. Kxf1 Rd5 36. Rc1 Rf8 37. c6 e5 38. c7 Ke6 39. Ke2 Kd7 40. Ke3 g6 41.
f3 Re8 42. Kf2 Rd2+ 43. Ke3 Rd6 44. Rc4 Rc6 45. Rb4 Ree6 46. h4 Rc2 47. hxg5
Rec6 48. Rb3 R6c3+ 49. Rxc3 Rxc3+ 50. Kd2 Ra3 51. Ke2 Ra2+ 52. Kf1 Rc2 53. g3
Rh2 54. Kg1 Rh5 55. Kg2 Rxg5 56. Kf2 Rh5 57. Kg1 Kc8 58. Kf2 Rh2+ 59. Ke3 Rg2
60. g4 fxg4 61. f4 exf4+ 62. Kxf4 Kd7 63. Kg5 g3 64. Kg4 Rc2 65. Kxg3 Rxc7 66.
Kf4 Rc6 67. Be3 Ke6 68. Kg5 Kd5 69. Kh6 Kc4 70. Bg5 Kb5 71. Bd8 Ka4 72. Bb6 Rd6
73. Bc7 Rd5 74. Kxg6 Rxa5 75. Kf6 Rd5 76. Ke6 Rd1 77. Ke5 a5 78. Ke4 Kb5 79. Ke3
a4 80. Ke2 Rd5 0-1

[Event "51st World Juniors"]
[Site "Athens GRE"]
[Date "2012.08.08"]
[Round "7.42"]
[White "Ladva, Ottomar"]
[Black "Malikentzos, Sotirios"]
[Result "1/2-1/2"]
[BlackTitle "FM"]
[WhiteElo "2153"]
[BlackElo "2337"]
[WhiteFideId "4500024"]
[BlackFideId "4215079"]
[EventDate "2012.08.02"]

1. d4 d5 2. c4 c6 3. Nc3 Nf6 4. Nf3 dxc4 5. a4 Bf5 6. e3 e6 7. Bxc4 Bb4 8. O-O
Nbd7 9. Bd2 O-O 10. Ne4 Be7 11. Ng3 Ne4 12. Nxf5 exf5 13. Bc3 Nb6 14. Bd3 Bd6
15. Nd2 Re8 16. Qf3 Nd5 17. Qxf5 Ndxc3 18. Bxe4 Nxe4 19. Nxe4 Bxh2+ 20. Kxh2
Qh4+ 21. Kg1 Rxe4 22. Rac1 Rae8 23. Rc5 g6 24. Qf3 f5 25. g3 Qg5 26. Rfc1 h5 27.
Kf1 h4 28. gxh4 Qxh4 29. d5 f4 30. R1c4 cxd5 31. Rxe4 dxe4 32. Qg2 Kg7 33. exf4
Qxf4 34. Qg5 Qh2 35. Qg3 Qxg3 36. fxg3 Kf6 37. Ke2 Re6 38. b4 Rc6 39. Rd5 Ke6
40. Rg5 Kf6 41. Rd5 Ke6 42. Rg5 Kd7 43. Rd5+ Rd6 44. Rb5 Kc7 45. Ke3 Rd3+ 46.
Kxe4 Rxg3 47. Kd4 Rg4+ 48. Kc3 Rf4 49. Rg5 Rf6 50. Kc4 Kd8 51. a5 Ke8 52. Kb3
Kf8 53. Rc5 a6 54. b5 axb5 55. Rxb5 Rf7 56. Rb6 Kg7 57. Kc4 Rd7 58. Kc5 Kh6 59.
Rb1 g5 60. Rh1+ Kg6 61. Rg1 Rd2 62. Rb1 Ra2 63. Rb6+ Kh5 64. Rb5 g4 65. Kb6+ Kh4
66. Kxb7 g3 67. a6 g2 68. Rb1 Rb2+ 69. Rxb2 g1=Q 70. a7 Qg7+ 71. Kb8 Qe5+ 72.
Kb7 Qe7+ 73. Kb8 Qd6+ 74. Kb7 Qd7+ 75. Kb8 Qe8+ 76. Kb7 Qe7+ 77. Kb8 Qe5+ 78.
Kb7 Qxb2+ 79. Kc8 Qc3+ 80. Kb7 Qb4+ 81. Kc8 Qc5+ 82. Kb8 Qb6+ 83. Ka8 Kg5 1/2-1/2

[Event "51st World Juniors"]
[Site "Athens GRE"]
[Date "2012.08.08"]
[Round "7.43"]
[White "Brown, Andrew"]
[Black "Liodakis, Konstantinos-Spyros"]
[Result "0-1"]
[WhiteTitle "IM"]
[WhiteElo "2296"]
[BlackElo "2130"]
[WhiteFideId "3206513"]
[BlackFideId "4217136"]
[EventDate "2012.08.02"]

1. d4 e6 2. c4 Nf6 3. Nf3 Bb4+ 4. Nbd2 O-O 5. a3 Be7 6. e4 d5 7. e5 Nfd7 8. b4
a5 9. b5 c5 10. cxd5 exd5 11. Bd3 cxd4 12. Nb3 Re8 13. O-O h6 14. Bb1 Nf8 15.
Nbxd4 Bg4 16. h3 Bh5 17. Nf5 Bc5 18. Bxh6 gxh6 19. Qc1 Qb6 20. Nxh6+ Kh8 21. Qg5
Bg6 22. Ng4 Nh7 23. Qf4 Nd7 24. Ng5 Nxg5 25. Qxg5 Bxb1 26. Raxb1 Qg6 27. Qf4 Re6
28. Rb3 Rae8 29. Rg3 Qh7 30. Rd1 d4 31. h4 Qh5 32. Re1 b6 33. a4 f5 34. Nh2 Nxe5
35. Rg5 Qh6 36. g4 fxg4 37. Rexe5 Rxe5 38. Rg8+ Kxg8 39. Qxh6 R8e6 40. Qf4 Re4
41. Qg5+ Kf7 42. Nf1 d3 43. Ng3 Re2 44. Qf5+ Ke7 45. Qh7+ Ke8 46. Qg8+ Kd7 47.
Qf7+ Kd6 48. Qf8+ Kc7 49. Qf4+ Kb7 50. Qf7+ Re7 51. Qd5+ Ka7 52. Nf5 Rxf2 53.
Nxe7 Rf5+ 54. Kg2 Rxd5 55. Nxd5 d2 56. Nc3 Bd4 57. Nd1 Be5 58. Kf2 g3+ 59. Ke2
Bf4 60. h5 Kb8 61. Nc3 Kc8 62. Kf3 Be5 63. Nd1 Kd7 64. h6 Kd6 65. h7 Kc5 66. Ke2
g2 67. Kf2 Kb4 68. Kxg2 Kxa4 69. Kf3 Kb3 70. Ke4 Bh8 71. Kd3 a4 72. Kxd2 a3 73.
Ne3 a2 74. Nc2 a1=Q 75. Nxa1+ Bxa1 0-1

[Event "51st World Juniors"]
[Site "Athens GRE"]
[Date "2012.08.08"]
[Round "7.44"]
[White "Leiva, Giuseppe"]
[Black "Kvaratskhelia, Dimitri"]
[Result "1-0"]
[WhiteTitle "FM"]
[WhiteElo "2283"]
[BlackElo "2093"]
[WhiteFideId "3804399"]
[BlackFideId "13604295"]
[EventDate "2012.08.02"]

1. d4 Nf6 2. Nf3 e6 3. e3 b6 4. Bd3 Bb7 5. O-O c5 6. c4 Be7 7. Nc3 cxd4 8. exd4
d6 9. a3 O-O 10. d5 e5 11. b4 Nbd7 12. Bb2 Nh5 13. Re1 g6 14. Bf1 f5 15. Nd2 Bf6
16. Nb3 Ng7 17. a4 e4 18. a5 Rb8 19. a6 Bc8 20. Nd4 Be5 21. Nc6 Qh4 22. g3 Qf6
23. Nxb8 Nxb8 24. Qb3 h5 25. c5 bxc5 26. bxc5 dxc5 27. d6+ Be6 28. Nd5 Qf7 29.
Bxe5 Bxd5 30. Qc3 Ne6 31. Rad1 Bc6 32. d7 Nxd7 33. Bc4 Kh7 34. Rd6 Nxe5 35. Qxe5
Ng5 36. Qxc5 Nf3+ 37. Kf1 Qe7 38. Rxc6 Qxc5 39. Rxc5 Nxe1 40. Kxe1 1-0

[Event "51st World Juniors"]
[Site "Athens GRE"]
[Date "2012.08.08"]
[Round "7.45"]
[White "Minko, Vladimir"]
[Black "Torkkola, Henri"]
[Result "1-0"]
[WhiteElo "2257"]
[BlackElo "2123"]
[WhiteFideId "24146706"]
[BlackFideId "507660"]
[EventDate "2012.08.02"]

1. d4 Nf6 2. c4 g6 3. Nc3 d5 4. cxd5 Nxd5 5. Bd2 Bg7 6. e4 Nxc3 7. Bxc3 c5 8. d5
Bxc3+ 9. bxc3 O-O 10. Qd2 Qd6 11. f4 e6 12. Bc4 Qd7 13. a4 Rd8 14. Nf3 Qe7 15.
O-O Nc6 16. Rad1 exd5 17. Bxd5 Be6 18. f5 gxf5 19. Qh6 Bxd5 20. exd5 Rd6 21. Qf4
Rad8 22. Rde1 Rxd5 23. Rxe7 Nxe7 24. Qg5+ Ng6 25. c4 R5d6 26. Qxf5 Re8 27. Ng5
f6 28. Ne4 1-0

[Event "51st World Juniors"]
[Site "Athens GRE"]
[Date "2012.08.08"]
[Round "7.46"]
[White "Caetano, Hugo Zanotti Mendonca"]
[Black "Vasques, Antonio Pedro Freixial"]
[Result "1-0"]
[WhiteElo "2109"]
[BlackElo "2214"]
[WhiteFideId "2119420"]
[BlackFideId "1908332"]
[EventDate "2012.08.02"]

1. d4 Nf6 2. c4 e6 3. Nf3 Bb4+ 4. Bd2 c5 5. e3 O-O 6. Bd3 Nc6 7. O-O d6 8. a3
Bxd2 9. Qxd2 e5 10. dxe5 dxe5 11. Qc2 Re8 12. Nc3 Bg4 13. Ng5 h6 14. Nge4 Nd7
15. f3 Be6 16. Rad1 Qa5 17. Nd6 Rf8 18. Nxb7 Qc7 19. Nd6 Nb6 20. Ncb5 Qd7 21.
Be4 a6 22. Nf5 Qb7 23. Nbd6 Qc7 24. Bxc6 Bxf5 25. Nxf5 1-0

[Event "51st World Juniors"]
[Site "Athens GRE"]
[Date "2012.08.08"]
[Round "7.47"]
[White "Arvola, Benjamin"]
[Black "Zwakala, Ntando"]
[Result "1-0"]
[WhiteElo "2300"]
[BlackElo "2054"]
[WhiteFideId "1506536"]
[BlackFideId "14308967"]
[EventDate "2012.08.02"]

1. e4 e5 2. Nf3 Nc6 3. Bb5 a6 4. Ba4 Nf6 5. O-O Be7 6. Re1 b5 7. Bb3 O-O 8. h3
Bb7 9. d3 d6 10. c3 Na5 11. Bc2 c5 12. Nbd2 Re8 13. Nf1 Nd7 14. g4 g6 15. Ng3
Bf6 16. Rb1 Nf8 17. d4 cxd4 18. cxd4 Ne6 19. d5 Ng5 20. Nxg5 Bxg5 21. Bd3 Rc8
22. Bxg5 Qxg5 23. Qe2 Rc7 24. Nf1 f5 25. Qd2 Qxd2 26. Nxd2 fxg4 27. hxg4 Bc8 28.
Rbc1 Rxc1 29. Rxc1 Bxg4 30. b4 Nc4 31. Nxc4 Rc8 32. Rc2 bxc4 33. Rxc4 Kf7 34.
Rc6 Rxc6 35. dxc6 Ke7 36. Bxa6 Kd8 37. Bc4 Kc7 38. Bd5 Bd1 39. b5 Kb6 40. Bc4 h5
41. Kf1 g5 42. Be2 Bc2 43. Bxh5 Bxe4 44. Be2 d5 45. Ke1 d4 46. Kd2 Bd5 47. a4 e4
48. Bd1 Be6 49. Bc2 Bf5 50. Bb3 g4 51. Bc4 Ka5 52. Bd5 Kb6 53. Ke2 Kc5 54. Bf7
Kb6 55. Be8 Be6 56. Ke1 Bf5 57. a5+ Kc7 58. b6+ Kb8 59. Bd7 1-0

[Event "51st World Juniors"]
[Site "Athens GRE"]
[Date "2012.08.08"]
[Round "7.48"]
[White "Jones, William E G"]
[Black "Velten, Paul"]
[Result "0-1"]
[BlackTitle "FM"]
[WhiteElo "2127"]
[BlackElo "2366"]
[WhiteFideId "470554"]
[BlackFideId "681091"]
[EventDate "2012.08.02"]

1. e4 e6 2. d4 d5 3. Nc3 Nc6 4. Nf3 Nf6 5. e5 Ne4 6. Bd3 Bb4 7. O-O Nxc3 8. bxc3
Bxc3 9. Rb1 Nxd4 10. Nxd4 Bxd4 11. Bb5+ c6 12. Qxd4 cxb5 13. Ba3 Bd7 14. Rb3 a5
15. Bd6 Rc8 16. Rg3 g6 17. c3 Rc4 18. Qe3 h5 19. Rf3 Bc6 20. Rf6 Rh7 21. a3 h4
22. h3 b6 23. Rd1 Rh5 24. Rd4 Rf5 25. Rxf5 exf5 26. Rxc4 bxc4 27. Qd4 Kd7 28.
Qe3 Kc8 29. f4 Kb7 30. Kh2 Ba4 31. Qd4 Kc6 32. Qd2 Qh8 33. Be7 Bb3 34. Kg1 Qh5
35. Kf2 Qh8 36. Kg1 Qe8 37. Bd6 Qa8 38. Qf2 Kb5 39. Qd4 Qc6 40. Qd2 Ka4 41. Kf2
b5 42. Qd4 Qa8 43. Ke1 g5 44. fxg5 Qd8 45. Qxh4 d4 46. cxd4 Qa8 47. Kf2 Qd5 48.
Qf4 c3 49. e6 Qxe6 50. d5+ Qe4 51. Qxe4+ fxe4 52. Be5 c2 53. Bb2 Bxd5 54. Ke3
Kb3 55. Bc1 b4 56. axb4 a4 57. Kd2 e3+ 58. Kxe3 a3 0-1

[Event "51st World Juniors"]
[Site "Athens GRE"]
[Date "2012.08.08"]
[Round "7.49"]
[White "Capone, Nicola"]
[Black "Stanciu, Alexandru-Ovidiu"]
[Result "0-1"]
[WhiteElo "2120"]
[BlackElo "2342"]
[WhiteFideId "224715"]
[BlackFideId "1217674"]
[EventDate "2012.08.02"]

1. e4 c5 2. Nf3 d6 3. d4 cxd4 4. Nxd4 Nf6 5. f3 e5 6. Nb3 a5 7. Bb5+ Nbd7 8. Nc3
Be7 9. Be3 O-O 10. Qd2 Nb6 11. Qf2 Nfd7 12. a4 f5 13. O-O-O f4 14. Bd2 Nb8 15.
Ne2 Nc6 16. Bxc6 bxc6 17. Bxa5 Ra6 18. Nc3 Qc7 19. Na2 Bd7 20. Bxb6 Rxb6 21. a5
Rb7 22. Kb1 Be6 23. Rd3 Ra8 24. Nac1 Rb5 25. Rc3 d5 26. exd5 Bxd5 27. Qe2 Rbxa5
28. Nxa5 Qxa5 29. Nb3 Qa2+ 30. Kc1 Bb4 31. Kd1 Qxb2 0-1

[Event "51st World Juniors"]
[Site "Athens GRE"]
[Date "2012.08.08"]
[Round "7.50"]
[White "Vandevenne, Sander"]
[Black "Farid, Firman Syah"]
[Result "0-1"]
[BlackTitle "CM"]
[WhiteElo "2083"]
[BlackElo "2318"]
[WhiteFideId "223000"]
[BlackFideId "7102526"]
[EventDate "2012.08.02"]

1. e4 c5 2. c3 Nf6 3. e5 Nd5 4. d4 cxd4 5. Nf3 Nc6 6. cxd4 d6 7. Bc4 Nb6 8. Bb3
dxe5 9. dxe5 Qxd1+ 10. Bxd1 Bg4 11. h3 Bf5 12. O-O g6 13. Na3 Bg7 14. Bf4 O-O
15. Bb3 h6 16. Rfe1 g5 17. Bd2 Rfd8 18. Bc3 Nd5 19. Nb5 Nf4 20. Nbd4 Nxd4 21.
Nxd4 Bg6 22. Nf3 e6 23. g3 Nd3 24. Re3 Bf8 25. Kg2 Nc5 26. Nd2 b5 27. Bd1 Nd3
28. a3 Bc5 29. Re2 a5 30. Nb3 b4 31. axb4 axb4 32. Rxa8 Rxa8 33. Bd2 Bb6 34. Bc2
Rc8 35. Na1 Bd4 36. Bxd3 Bxd3 37. Re1 Bxb2 38. Bxb4 Bc4 39. Bd6 Bd5+ 40. Kg1 Bd4
41. Bb4 Kg7 42. Kf1 Kg6 43. g4 h5 44. Be7 hxg4 45. hxg4 Rh8 46. Ke2 Bc4+ 47. Kf3
Rh2 48. Kg3 Rxf2 49. Bf6 Bd5 50. Rb1 Rg2+ 51. Kh3 Bf2 52. Rb2 Rg3+ 53. Kh2 Rf3
54. Rb4 Bg3+ 55. Kg1 Re3 56. Nc2 Re2 57. Rb8 Rg2+ 58. Kf1 Rf2+ 0-1

[Event "51st World Juniors"]
[Site "Athens GRE"]
[Date "2012.08.08"]
[Round "7.51"]
[White "Nuri, Kambez"]
[Black "Yurtseven, Melih"]
[Result "1-0"]
[WhiteTitle "FM"]
[WhiteElo "2274"]
[BlackElo "2126"]
[WhiteFideId "1311433"]
[BlackFideId "6312160"]
[EventDate "2012.08.02"]

1. e4 c5 2. Nf3 Nf6 3. e5 Nd5 4. g3 g6 5. Ng5 e6 6. d4 Be7 7. h4 cxd4 8. Ne4 Qc7
9. Nd6+ Bxd6 10. exd6 Qxd6 11. Qxd4 f6 12. Bf4 Qe7 13. Bh6 Nc6 14. Qd2 Qb4 15.
Qxb4 Ndxb4 16. Na3 Nd4 17. O-O-O Nf5 18. Bd2 Na6 19. g4 Ne7 20. Bh6 Rg8 21. Rd6
Nc6 22. Bg2 Nc7 23. Nc4 Ke7 24. Rhd1 Ne8 25. R6d2 d5 26. Ne3 d4 27. Bxc6 bxc6
28. Rxd4 e5 29. Rd8 a6 30. Nc4 Rb8 31. Na5 Kf7 32. Nxc6 Ra8 33. g5 Ke6 34. gxf6
Kxf6 35. Bg5+ Kg7 36. Ne7 1-0

[Event "51st World Juniors"]
[Site "Athens GRE"]
[Date "2012.08.08"]
[Round "7.52"]
[White "Haarr, Jon Kristian"]
[Black "Du Plessis, Heinco"]
[Result "1-0"]
[WhiteElo "2245"]
[BlackElo "2075"]
[WhiteFideId "1505963"]
[BlackFideId "14306263"]
[EventDate "2012.08.02"]

1. e4 c5 2. d4 cxd4 3. c3 dxc3 4. Nxc3 d6 5. Bc4 e6 6. Nf3 Nc6 7. O-O Be7 8. Qe2
Nf6 9. Rd1 e5 10. h3 O-O 11. b4 Nxb4 12. Nxe5 Qa5 13. Nf3 Be6 14. Nd5 Bxd5 15.
exd5 Rfc8 16. Bd2 Rc5 17. Bd3 Qb6 18. Bxb4 Qxb4 19. Rab1 1-0

[Event "51st World Juniors"]
[Site "Athens GRE"]
[Date "2012.08.08"]
[Round "7.53"]
[White "Sodikov, Ilyas"]
[Black "Zulfic, Fedja"]
[Result "1-0"]
[WhiteElo "2234"]
[BlackElo "2135"]
[WhiteFideId "13705490"]
[BlackFideId "3208427"]
[EventDate "2012.08.02"]

1. e4 e5 2. Bc4 Nf6 3. Nc3 c6 4. Nf3 Bd6 5. d4 exd4 6. Qxd4 Qe7 7. Bg5 Bc5 8.
Qd3 d6 9. O-O Nbd7 10. e5 Nxe5 11. Nxe5 dxe5 12. Rae1 O-O 13. Qg3 Re8 14. Bd3 h6
15. Bxh6 Nh5 16. Qf3 Qf6 17. Qxh5 Qxh6 18. Rxe5 Qxh5 19. Rxh5 Bd4 20. Rh4 Bxc3
21. bxc3 Be6 22. f4 Bxa2 23. c4 b5 24. cxb5 cxb5 25. Bxb5 Re3 26. f5 Bd5 27. Rd4
Be4 28. Kf2 1-0

[Event "51st World Juniors"]
[Site "Athens GRE"]
[Date "2012.08.08"]
[Round "7.54"]
[White "Gantar, Jan"]
[Black "Zeppos, Panagiotis"]
[Result "0-1"]
[WhiteElo "2218"]
[BlackElo "1978"]
[WhiteFideId "14607875"]
[BlackFideId "4228383"]
[EventDate "2012.08.02"]

1. e4 c5 2. Nf3 d6 3. d4 cxd4 4. Nxd4 Nf6 5. Nc3 a6 6. g3 e5 7. Nde2 b5 8. Bg2
Nbd7 9. O-O Be7 10. h3 O-O 11. g4 b4 12. Nd5 Nxd5 13. exd5 Nb6 14. Ng3 a5 15. f4
Bh4 16. Kh2 Ba6 17. Rf2 Rc8 18. a3 Bb5 19. axb4 axb4 20. Qd2 Rc4 21. fxe5 dxe5
22. Ra5 Bd7 23. Qe2 f5 24. Ra6 f4 25. Ne4 Bb5 26. Ra5 Rxe4 27. Qxb5 Bxf2 28.
Bxe4 Qh4 29. Qf1 Qg3+ 30. Kh1 Nc4 31. Ra6 Bc5 32. d6 Nxd6 33. Bd5+ Kh8 34. Rc6
Rc8 35. Rxc8+ Nxc8 36. Bd2 Nd6 37. Bg2 h6 38. Qe2 e4 39. Be1 f3 40. Bxg3 fxe2
41. Be1 g5 42. Kh2 Kg7 43. b3 Kf6 44. c3 Ke5 45. cxb4 Be3 46. Bc3+ Kd5 47. Kg3
Nb5 48. Be1 Kd4 0-1

[Event "51st World Juniors"]
[Site "Athens GRE"]
[Date "2012.08.08"]
[Round "7.55"]
[White "Edwards, Jonathan"]
[Black "Haria, Ravi"]
[Result "1/2-1/2"]
[WhiteElo "2170"]
[BlackElo "2054"]
[WhiteFideId "2402912"]
[BlackFideId "415820"]
[EventDate "2012.08.02"]

1. b3 e5 2. Bb2 d6 3. e3 g6 4. d4 Bg7 5. dxe5 Nd7 6. Nf3 dxe5 7. Bc4 Nh6 8. Nbd2
O-O 9. h4 Qe7 10. h5 e4 11. Bxg7 Kxg7 12. Nd4 Ne5 13. Qc1 Bg4 14. Qb2 f6 15. Be2
c5 16. Nb5 Rad8 17. Nc3 Bxe2 18. Nxe2 Nhg4 19. Rf1 Nh2 20. Rh1 Nhg4 21. Rf1 Rd7
22. O-O-O Rfd8 23. Qc3 Nc6 24. Ng3 Nb4 25. Qb2 Ne5 26. Ndxe4 f5 27. a3 Nc6 28.
Nc3 Kg8 29. hxg6 hxg6 30. Rxd7 Rxd7 31. Kb1 c4 32. Nce2 cxb3 33. Qxb3+ Kg7 34.
Nf4 Na5 35. Qe6 Qxe6 36. Nxe6+ Kf6 37. Nd4 Nac4 38. Ka2 1/2-1/2

[Event "51st World Juniors"]
[Site "Athens GRE"]
[Date "2012.08.08"]
[Round "7.56"]
[White "Vaicekauskas, Gytis"]
[Black "Koutoukidis, Panagiotis"]
[Result "1-0"]
[WhiteElo "2079"]
[BlackElo "2167"]
[WhiteFideId "12805459"]
[BlackFideId "4244702"]
[EventDate "2012.08.02"]

1. e4 c5 2. Nc3 e6 3. Bc4 a6 4. a4 Nc6 5. f4 Nge7 6. d3 d5 7. Bb3 Nd4 8. Ba2 b5
9. Nf3 Bb7 10. exd5 Nxd5 11. Nxd5 Bxd5 12. Bxd5 Qxd5 13. O-O Be7 14. axb5 axb5
15. Rxa8+ Qxa8 16. Nxd4 cxd4 17. Qh5 Qc6 18. f5 exf5 19. Re1 g6 20. Qh4 f6 21.
Qh6 Qc5 22. Qg7 Rf8 23. Bh6 Kd7 24. Qxh7 Re8 25. Qxg6 Qd5 26. Qh7 Kd8 27. Bd2 b4
28. Qg7 Qc5 29. Qf7 Rh8 30. h3 Re8 31. Qe6 Rh8 32. Bf4 Qa7 33. Bd6 1-0